000 00518nam a22001697a 4500
005 20171024110321.0
010 _aENG-121036
020 _c500.00
_a9789385559082
035 _aEN-104568
037 _bDBAD/PUB
082 _a620
245 _aProceedings colloquium'17 :
_bwhere innovation meet opportunity /
260 _aKerala
_bAshalatha Thampuran
_c2017
270 _aAnad, Nedumangad, Thiruvananthapuram
_bKerala
_e2814579
300 _a379p.
_c28cm(pbk)
_bill.
942 _2ddc
_cEN
_h620
_mCOL
999 _c146792
_d146792